<?xml version="1.0" encoding="UTF-8"?><?xml-stylesheet type="text/xsl" href="static/style.xsl"?><OAI-PMH xmlns="http://www.openarchives.org/OAI/2.0/" xmlns:xsi="http://www.w3.org/2001/XMLSchema-instance" xsi:schemaLocation="http://www.openarchives.org/OAI/2.0/ http://www.openarchives.org/OAI/2.0/OAI-PMH.xsd"><responseDate>2026-04-19T11:34:49Z</responseDate><request verb="GetRecord" identifier="oai:www.recercat.cat:20.500.12328/4965" metadataPrefix="marc">https://recercat.cat/oai/request</request><GetRecord><record><header><identifier>oai:recercat.cat:20.500.12328/4965</identifier><datestamp>2025-07-23T07:35:49Z</datestamp><setSpec>com_2072_67741</setSpec><setSpec>col_2072_484352</setSpec></header><metadata><record xmlns="http://www.loc.gov/MARC21/slim" xmlns:dcterms="http://purl.org/dc/terms/" xmlns:xsi="http://www.w3.org/2001/XMLSchema-instance" xmlns:doc="http://www.lyncode.com/xoai" xsi:schemaLocation="http://www.loc.gov/MARC21/slim http://www.loc.gov/standards/marcxml/schema/MARC21slim.xsd">
   <leader>00925njm 22002777a 4500</leader>
   <datafield ind2=" " ind1=" " tag="042">
      <subfield code="a">dc</subfield>
   </datafield>
   <datafield ind2=" " ind1=" " tag="720">
      <subfield code="a">Cervi, Laura</subfield>
      <subfield code="e">author</subfield>
   </datafield>
   <datafield ind2=" " ind1=" " tag="720">
      <subfield code="a">Roca, Nuria</subfield>
      <subfield code="e">author</subfield>
   </datafield>
   <datafield ind2=" " ind1=" " tag="260">
      <subfield code="c">2017</subfield>
   </datafield>
   <datafield ind2=" " ind1=" " tag="520">
      <subfield code="a">Las campañas electorales en Estados Unidos ocurren en Internet. Pero, ¿qué sucede en otros países? Algunos autores hablan de una americanización de la política. El objetivo de nuestra investigación es determinar si en España experimentamos este fenómeno. Por tanto, vamos a analizar cómo usaron Internet durante la campaña electoral los principales candidatos a las elecciones españolas de diciembre de 2015. La conclusión es que los candidatos españoles usan las redes sociales para promover su figura pública pero aún no se concentran en deliberar con los simpatizantes y tampoco promueven la participación de una forma efectiva.</subfield>
   </datafield>
   <datafield ind1="8" ind2=" " tag="024">
      <subfield code="a">Cervi, Laura; Roca, Nuria. La modernización de la campaña electoral para las elecciones generales de España en 2015. ¿Hacia la americanización?. Comunicación y Hombre, 2017, 13, p. 133-150. Disponible en: &lt;https://comunicacionyhombre.com/article/la-modernizacion-la-campana-electoral-las-elecciones-generales-espana-2015/>. Fecha de acceso: 21 jul. 2025.</subfield>
   </datafield>
   <datafield ind1="8" ind2=" " tag="024">
      <subfield code="a">1885-365X</subfield>
   </datafield>
   <datafield ind1="8" ind2=" " tag="024">
      <subfield code="a">http://hdl.handle.net/20.500.12328/4965</subfield>
   </datafield>
   <datafield tag="653" ind2=" " ind1=" ">
      <subfield code="a">Comunicació</subfield>
   </datafield>
   <datafield tag="653" ind2=" " ind1=" ">
      <subfield code="a">Comunicación</subfield>
   </datafield>
   <datafield tag="653" ind2=" " ind1=" ">
      <subfield code="a">Comunication</subfield>
   </datafield>
   <datafield ind2="0" ind1="0" tag="245">
      <subfield code="a">La modernización de la campaña electoral para las elecciones generales de España en 2015 ¿Hacia la americanización?</subfield>
   </datafield>
</record></metadata></record></GetRecord></OAI-PMH>